Statistics for H Vocabulary Words Quiz #1

Click here to take the quiz!

General Stats

  • This quiz has been taken 40,825 times
    (17,675 since last reset)
  • The average score is 14 of 22

Answer Stats

Definition Word % Correct
Animal that eats only plantsHerbivore
96%
Garage for airplanesHangar
92%
Spearlike weapon used to hunt whalesHarpoon
85%
Female school principal, in BritainHeadmistress
84%
Budget hotel with dormitory
accomodations
Hostel
84%
10,000 square metersHectare
75%
The longest side of a right triangleHypotenuse
74%
To bleed heavilyHemorrhage
72%
Religious recluseHermit
68%
Bad breathHalitosis
66%
VagabondHobo
66%
Muslim pilgrimage to MeccaHajj
63%
Unruly soccer fanHooligan
62%
Predecessor to the pianoHarpsichord
61%
Belief in the pursuit of pleasureHedonism
58%
Where concubines liveHarem
54%
Very hot type of chili pepperHabanero
53%
Extreme exaggerationHyperbole
53%
Colonial Spanish estateHacienda
53%
Uncivilized person; paganHeathen
50%
Large flatfish, popular as foodHalibut
45%
HairyHirsute
34%

Score Distribution

Percentile by Number Answered

Percent of People with Each Score

Your Score History

You have not taken this quiz since the last reset